Bezirke Österreichs mit den höchsten Schnitzelpreisen - Statistiken

Allgemein
  • Dieses Quiz wurde 51 mal gespielt
  • Das Durchschnittsergebnis liegt bei 10 aus 16
Antwortstatistiken
Preis Bezirk % Korrekt
14.95 Salzburg
91%
14.90 Innsbruck-Land
89%
14.80 Kitzbühel
78%
14.50 Bregenz
74%
14.70 Kufstein
67%
16.00 Bludenz
65%
15.05 Feldkirch
65%
14.50 Linz
65%
16.65 Dornbirn
63%
14.80 Landeck
59%
15.50 Schwaz
57%
13.90 Zell am See
57%
14.70 Imst
52%
14.90 St. Johann im Pongau
50%
14.60 Reutte
43%
13.90 Hallein
39%
Keine übereinstimmenden Quizze gefunden
Verteilung der Resultate
Anzahl Personen mit jedem Resultat
Perzentil nach korrekt beantworteten Fragen
Ihre Resultats-Entwicklung
Sie haben dieses Quiz noch nicht gespielt